Factores que inciden en la incorporación de la mujer al trabajo remunerado en Chile
שמור ב:
| מחבר ראשי: | |
|---|---|
| פורמט: | ספר |
| שפה: | ספרדית |
| יצא לאור: |
Santiago
Universidad de Chile
1975
|
| סדרה: | Documentos de Trabajo
|
| נושאים: | |
| תגים: |
הוספת תג
אין תגיות, היה/י הראשונ/ה לתייג את הרשומה!
|
MARC
| LEADER | 00000nam a2200000 a 4500 | ||
|---|---|---|---|
| 001 | UCR8710 | ||
| 003 | CL-VaPUC | ||
| 008 | 980529e19750100CL |||||||||||||||||spa|d | ||
| 082 | 0 | 4 | |a 331.4 |b GIS |2 21 |
| 100 | |a Gissi Bustos, Jorge |e author |9 527011 | ||
| 245 | 1 | 0 | |a Factores que inciden en la incorporación de la mujer al trabajo remunerado en Chile |
| 300 | |a 10 p | ||
| 942 | |c BK | ||
| 945 | |d 19980529 00:00:00 |a crobeson | ||
| 260 | |a Santiago |b Universidad de Chile |c 1975 | ||
| 650 | 0 | |a Mujeres trabajadoras |9 259236 | |
| 650 | 7 | |a FUERZA DE TRABAJO |2 CL-VaPUC |9 358015 | |
| 650 | 0 | |a Mercado laboral |9 375911 | |
| 583 | |a last modification |c 19980529 00:00:00 |k Rodrigo Vera | ||
| 490 | 0 | |a Documentos de Trabajo | |
| 999 | |c 270105 |d 270103 | ||
| 952 | |0 0 |1 0 |4 0 |6 331_400000000000000_GIS_1975 |7 0 |8 A |9 304226 |a BIBENE |b BIBENE |d 2019-11-20 |i 1405535 |o 331.4 GIS 1975 |p 1405535 |r 2025-01-15 |w 2019-11-20 |y BK |k ICO | ||